00514 2200205 4500001002100000005001500021035002000036007000300056008004100059082000800100084001400108100001700122245004100139250001200180260003500192300002100227600004100248856000800289990001100297INLIS00000000000031820260310015000 a0010-0326000080ta260310 0  a200 a200 LUK m0 aLUKMAN HAKIM1 aMESTERI 7 MALAM PERTAMA DIALAM KUBUR aPERTAMA aMALANG :bMEDIA PUSTAKA,c2014 a128 hlm ;c24 cm 4aMESTERI 7 MALAM PERTAMA DIALAM KUBUR a200 a35.983